[Event "St Petersburg Korchnoi Memorial op"]
[Site "St Petersburg"]
[Date "2023.08.22"]
[Round "7"]
[White "Mullyaminova, Sofiya"]
[Black "Kozyakov, Andrey"]
[Result "1-0"]
[WhiteElo "1650"]
[BlackElo "1824"]
[PlyCount "63"]
[EventDate "2023.08.18"]
[EventType "swiss"]
[EventRounds "9"]
[EventCountry "RUS"]
[SourceTitle "EXT 2024"]
[Source "ChessBase"]
[SourceDate "2023.10.10"]
[SourceVersion "1"]
[SourceVersionDate "2023.10.10"]
[SourceQuality "1"]

1. e4 c5 2. Nf3 d6 3. d4 cxd4 4. Nxd4 Nf6 5. Nc3 a6 6. Be2 e5 7. Nb3 Be6 8. f4 b5 9. a3 Be7 10. g4 h6 11. Be3 Nbd7 12. f5 Bxb3 13. cxb3 Rc8 14. Bf3 Nh7 15. Bf2 Nb6 16. h4 Rc6 17. Qd2 Nf8 18. 0-0-0 Nfd7 19. Kb1 Nc5 20. Ka2 a5 21. Be2 b4 22. Bb5 bxc3 23. Bxc6+ Kf8 24. Qxc3 Qc7 25. Bxc5 dxc5 26. Bb5 Bd6 27. Qxa5 Ke7 28. Qd2 Nc8 29. Qd5 Na7 30. Bc4 Rf8 31. g5 Nc6 32. f6+ 1-0

[Event "St Petersburg Korchnoi Memorial op"]
[Site "St Petersburg"]
[Date "2018.08.21"]
[Round "7"]
[White "Lazarev, Artem"]
[Black "Kozyakov, Andrey"]
[Result "0-1"]
[WhiteElo "1659"]
[BlackElo "1733"]
[PlyCount "110"]
[EventDate "2018.08.15"]
[EventType "swiss"]
[EventRounds "9"]
[EventCountry "RUS"]
[SourceTitle "CBM 186 Extra"]
[Source "ChessBase"]
[SourceDate "2018.08.24"]
[SourceVersion "1"]
[SourceVersionDate "2018.08.24"]
[SourceQuality "1"]

1. e4 c5 2. Nc3 Nc6 3. g3 g6 4. Bg2 Bg7 5. f4 d6 6. Nf3 Nf6 7. 0-0 0-0 8. d3 Rb8 9. a4 a6 10. h3 e6 11. g4 d5 12. e5 Ne8 13. g5 Nc7 14. Nh2 Ne7 15. Ng4 Nf5 16. Qe1 b5 17. axb5 axb5 18. Nf6+ Kh8 19. h4 h5 20. Kh2 Bb7 21. Kh3 d4 22. Bxb7 Rxb7 23. Nce4 Bxf6 24. gxf6 Nd5 25. Qe2 Qc7 26. Ng3 Nxg3 27. Kxg3 Kh7 28. f5 Ne3 29. fxg6+ fxg6 30. Bxe3 Qxe5+ 31. Kh3 dxe3 32. Rae1 Rxf6 33. Rxf6 Qxf6 34. Qxe3 Qf5+ 35. Kh2 Rf7 36. Kg2 Qd5+ 37. Qe4 Rf4 38. Qxd5 exd5 39. Kg3 Rg4+ 40. Kh3 Rd4 41. b3 Kg7 42. Re7+ Kf6 43. Rc7 c4 44. Rc6+ Kf5 45. dxc4 bxc4 46. b4 Rd2 47. Rc5 Ke4 48. b5 Rxc2 49. b6 Rb2 50. Rc6 c3 51. Rxg6 d4 52. Rc6 c2 53. b7 d3 54. Rc7 Rxb7 55. Rxb7 c1Q 0-1

[Event "St Petersburg Korchnoi Memorial op"]
[Site "St Petersburg"]
[Date "2018.08.18"]
[Round "4"]
[White "Kozyakov, Andrey"]
[Black "Rudovskii, Filipp"]
[Result "0-1"]
[WhiteElo "1733"]
[BlackElo "2052"]
[PlyCount "56"]
[EventDate "2018.08.15"]
[EventType "swiss"]
[EventRounds "9"]
[EventCountry "RUS"]
[SourceTitle "CBM 186 Extra"]
[Source "ChessBase"]
[SourceDate "2018.08.24"]
[SourceVersion "1"]
[SourceVersionDate "2018.08.24"]
[SourceQuality "1"]

1. e4 c5 2. Nc3 Nc6 3. g3 g6 4. Bg2 Bg7 5. Nge2 e6 6. d3 Nge7 7. Bg5 h6 8. Be3 b6 9. 0-0 0-0 10. Qd2 Kh7 11. Rad1 Ba6 12. Rfe1 Ne5 13. f4 Ng4 14. e5 Nf5 15. Bf2 d5 16. d4 c4 17. a4 h5 18. h3 Nxf2 19. Kxf2 Bh6 20. h4 f6 21. Bh3 fxe5 22. Bxf5 exf4 23. Nxf4 Rxf5 24. Nce2 c3 25. Qxc3 Bxe2 26. Rxe2 Bxf4 27. gxf4 Qxh4+ 28. Qg3 Rxf4+ 0-1

[Event "Chigorin Memorial 25th"]
[Site "St Petersburg"]
[Date "2017.10.21"]
[Round "1"]
[White "Kozyakov, Andrey"]
[Black "Bondarenko, Ivan"]
[Result "0-1"]
[WhiteElo "1727"]
[BlackElo "2131"]
[PlyCount "46"]
[EventDate "2017.10.21"]
[EventType "swiss"]
[EventRounds "9"]
[EventCountry "RUS"]
[SourceTitle "CBM 181 Extra"]
[Source "ChessBase"]
[SourceDate "2017.12.12"]
[SourceVersion "1"]
[SourceVersionDate "2017.12.12"]
[SourceQuality "1"]

1. e4 c5 2. Nf3 e6 3. d4 cxd4 4. Nxd4 Nf6 5. Bd3 Nc6 6. Nxc6 bxc6 7. c4 e5 8. Nc3 Be7 9. f4 d6 10. f5 0-0 11. Bc2 a5 12. Be3 Ba6 13. b3 Bb7 14. Qf3 d5 15. exd5 Bb4 16. Bd2 e4 17. Nxe4 Bxd2+ 18. Nxd2 Re8+ 19. Kf1 cxd5 20. Rd1 Qe7 21. Qd3 dxc4 22. Nxc4 Rad8 23. Nd6 Rxd6 0-1

[Event "St Petersburg Summer op"]
[Site "St Petersburg"]
[Date "2017.08.19"]
[Round "4"]
[White "Kozyakov, Andrey"]
[Black "Kundianok, Vladislav"]
[Result "1-0"]
[WhiteElo "1729"]
[BlackElo "1982"]
[PlyCount "99"]
[EventDate "2017.08.16"]
[EventType "swiss"]
[EventRounds "9"]
[EventCountry "RUS"]
[SourceTitle "CBM 180 Extra"]
[Source "ChessBase"]
[SourceDate "2017.10.06"]
[SourceVersion "1"]
[SourceVersionDate "2017.10.06"]
[SourceQuality "1"]

1. e4 c5 2. Nf3 d6 3. d4 cxd4 4. Nxd4 Nf6 5. Nc3 a6 6. Be3 e5 7. Nb3 Be6 8. f3 Nbd7 9. Qd2 b5 10. g4 Nb6 11. g5 Nfd7 12. Nd5 Nxd5 13. exd5 Bf5 14. Na5 Qc7 15. Nc6 Nb6 16. f4 Be4 17. Bg2 Nc4 18. Bxe4 Nxd2 19. Kxd2 Be7 20. f5 Bd8 21. a4 Qb7 22. a5 Rc8 23. Ra3 b4 24. Rd3 Qb5 25. b3 Bxa5 26. Na7 Qb7 27. Nxc8 Qxc8 28. Ra1 Bd8 29. c4 Qb7 30. Rc1 0-0 31. f6 g6 32. c5 Ba5 33. c6 Qc7 34. Rc4 Rb8 35. Ke2 Rb5 36. Rd1 Kf8 37. Bf3 Rb8 38. h4 Rb5 39. h5 Kg8 40. hxg6 fxg6 41. Rh1 Rb8 42. Rch4 Rf8 43. Be4 Qf7 44. Rh6 Rb8 45. Bxg6 Qxg6 46. Rxg6+ hxg6 47. Rh6 Kf7 48. Rh7+ Kg8 49. Rg7+ Kh8 50. Rxg6 1-0

[Event "Chigorin Memorial 24th"]
[Site "St Petersburg"]
[Date "2016.10.22"]
[Round "8"]
[White "Kurbanov, Sergey"]
[Black "Kozyakov, Andrey"]
[Result "0-1"]
[WhiteElo "1198"]
[BlackElo "1620"]
[PlyCount "82"]
[EventDate "2016.10.15"]
[EventType "swiss"]
[EventRounds "9"]
[EventCountry "RUS"]
[SourceTitle "CBM 175 Extra"]
[Source "ChessBase"]
[SourceDate "2016.12.12"]
[SourceVersion "1"]
[SourceVersionDate "2016.12.12"]
[SourceQuality "1"]

1. b4 e6 2. Bb2 Nf6 3. a3 c5 4. b5 d5 5. e3 Nbd7 6. Nf3 Bd6 7. d3 0-0 8. Be2 Qa5+ 9. Bc3 Qxb5 10. d4 c4 11. a4 Qc6 12. Nbd2 Qc7 13. h3 b6 14. 0-0 Re8 15. Re1 Bb7 16. Nb1 Bc6 17. Qd2 Ne4 18. Qd1 Ndf6 19. Bb2 a6 20. Nbd2 Bb4 21. Ba3 Bxa3 22. Rxa3 b5 23. Nxe4 Nxe4 24. axb5 axb5 25. Ra1 f6 26. Nh2 Ra5 27. f3 Nc3 28. Qd2 b4 29. Bf1 Rea8 30. Rxa5 Qxa5 31. Qc1 Qb6 32. e4 Qxd4+ 33. Kh1 dxe4 34. fxe4 Nxe4 35. Nf3 Ng3+ 36. Kh2 Nxf1+ 37. Rxf1 Bxf3 38. gxf3 Ra2 39. Kg3 Qe5+ 40. Kg4 h5+ 41. Kh4 Rxc2 0-1

[Event "Chigorin Memorial 24th"]
[Site "St Petersburg"]
[Date "2016.10.19"]
[Round "5"]
[White "Kozyakov, Andrey"]
[Black "Budnikova, Varvara"]
[Result "0-1"]
[WhiteElo "1620"]
[BlackElo "1906"]
[PlyCount "104"]
[EventDate "2016.10.15"]
[EventType "swiss"]
[EventRounds "9"]
[EventCountry "RUS"]
[SourceTitle "CBM 175 Extra"]
[Source "ChessBase"]
[SourceDate "2016.12.12"]
[SourceVersion "1"]
[SourceVersionDate "2016.12.12"]
[SourceQuality "1"]

1. e4 c5 2. Nf3 Nc6 3. d4 cxd4 4. Nxd4 g6 5. Nc3 Bg7 6. Be3 Nf6 7. Nxc6 bxc6 8. e5 Ng8 9. f4 Nh6 10. Bd3 0-0 11. Qf3 f6 12. e6 d5 13. f5 Nxf5 14. Bxf5 gxf5 15. Qxf5 Qd6 16. 0-0-0 Bxe6 17. Qf2 Qd7 18. Ne4 Bf7 19. Nc5 Qc7 20. h4 Qa5 21. a3 Rfb8 22. Bd2 Qb5 23. b4 Qc4 24. Qf3 Qa2 25. Qb3 Qa1+ 26. Qb1 Qxa3+ 27. Qb2 Qxb2+ 28. Kxb2 a5 29. Rb1 axb4 30. Rh3 Rb5 31. Nb3 c5 32. Be3 d4 33. Bf2 e5 34. Rg3 c4 35. Nxd4 exd4 36. Bxd4 Kf8 37. Rf3 c3+ 38. Kc1 Bh6+ 39. Be3 Bxe3+ 40. Rxe3 Rd8 41. g4 Rbd5 42. Re1 Rd4 43. Ra1 Rxg4 44. Ra6 Kg7 45. Rf1 f5 46. Rb6 Rxh4 47. Rg1+ Bg6 48. Rb5 Kh6 49. Rb6 Rdd4 50. Kb1 Rhg4 51. Rf1 Kg5 52. Rb8 h5 0-1

[Event "Chigorin Memorial 24th"]
[Site "St Petersburg"]
[Date "2016.10.18"]
[Round "4"]
[White "Efremov, Vladislav"]
[Black "Kozyakov, Andrey"]
[Result "1/2-1/2"]
[WhiteElo "1933"]
[BlackElo "1620"]
[PlyCount "132"]
[EventDate "2016.10.15"]
[EventType "swiss"]
[EventRounds "9"]
[EventCountry "RUS"]
[SourceTitle "CBM 175 Extra"]
[Source "ChessBase"]
[SourceDate "2016.12.12"]
[SourceVersion "1"]
[SourceVersionDate "2016.12.12"]
[SourceQuality "1"]

1. d4 d5 2. c4 c6 3. Nd2 Bf5 4. Ngf3 Nd7 5. Nh4 Bg6 6. Nxg6 hxg6 7. cxd5 cxd5 8. Qb3 Nb6 9. a4 Qc7 10. a5 Nc4 11. Nxc4 dxc4 12. Qb5+ Kd8 13. g3 Rh5 14. Qa4 Rc8 15. Bg2 e6 16. 0-0 Bd6 17. e4 Bf8 18. Bf3 Rh8 19. Be3 Nf6 20. d5 exd5 21. Bxa7 Bc5 22. Bxc5 Qxc5 23. exd5 Kc7 24. Qa3 Kd6 25. Qc3 Ra8 26. Rfe1 Rhe8 27. Red1 Ra6 28. Rdc1 Ne4 29. Bxe4 Rxe4 30. b4 Qd4 31. Qf3 f5 32. Rd1 Qb2 33. Rab1 Qe5 34. Qa3 b5 35. Rbc1 g5 36. Qc3 f4 37. Kg2 Ra8 38. Qxe5+ Rxe5 39. gxf4 gxf4 40. Rd4 g5 41. Rcd1 Rc8 42. Kf3 c3 43. a6 c2 44. Rc1 Rxd5 45. Rxd5+ Kxd5 46. a7 Ra8 47. Rxc2 Rxa7 48. Rc5+ Kd4 49. Rxg5 Kc4 50. Kxf4 Kxb4 51. h4 Kc4 52. h5 b4 53. h6 b3 54. Rg1 Rf7+ 55. Kg3 Rh7 56. Rh1 b2 57. f4 Rxh6 58. Rb1 Kc3 59. Kg4 Ra6 60. Kg5 Ra1 61. Rxb2 Kxb2 62. f5 Rf1 63. f6 Kc3 64. Kg6 Kd4 65. f7 Ke5 66. Kg7 Rg1+ 1/2-1/2

[Event "Chigorin Memorial 23rd"]
[Site "St Petersburg"]
[Date "2015.10.09"]
[Round "7"]
[White "Kozyakov, Andrey"]
[Black "Dushin, Nikolay"]
[Result "0-1"]
[WhiteElo "1628"]
[BlackElo "1936"]
[PlyCount "90"]
[EventDate "2015.10.03"]
[EventType "swiss"]
[EventRounds "9"]
[EventCountry "RUS"]
[SourceTitle "CBM 168 Extra"]
[Source "ChessBase"]
[SourceDate "2015.10.29"]
[SourceVersion "1"]
[SourceVersionDate "2015.10.29"]
[SourceQuality "1"]

1. e4 c5 2. Nf3 a6 3. d4 cxd4 4. Nxd4 Nf6 5. Nc3 e5 6. Nf3 Bb4 7. Bd2 Nc6 8. Bd3 d5 9. Nxd5 Nxd5 10. exd5 Qxd5 11. Bxb4 Nxb4 12. Qe2 Nxd3+ 13. Qxd3 Qxd3 14. cxd3 f6 15. Rc1 Kd8 16. Ke2 Be6 17. b3 Re8 18. Nd2 Re7 19. Rc3 Rc8 20. Rhc1 Rxc3 21. Rxc3 Rd7 22. Ne4 Rd4 23. f3 b6 24. Rc6 Bc8 25. Nd6 Kd7 26. Rxc8 Kxd6 27. Rg8 g6 28. Rg7 Rh4 29. h3 a5 30. Rb7 Rb4 31. Rxh7 a4 32. bxa4 Rxa4 33. Rh6 Rxa2+ 34. Kf1 b5 35. Rxg6 b4 36. Rxf6+ Kc5 37. Rf8 b3 38. Rb8 b2 39. g4 Kd5 40. h4 Ra1+ 41. Kg2 b1Q 42. Rxb1 Rxb1 43. g5 Ke6 44. Kh3 Kf5 45. Kg3 Rd1 0-1